<?xml version="1.0" encoding="UTF-8"?><?xml-stylesheet type="text/xsl" href="static/style.xsl"?><OAI-PMH xmlns="http://www.openarchives.org/OAI/2.0/" xmlns:xsi="http://www.w3.org/2001/XMLSchema-instance" xsi:schemaLocation="http://www.openarchives.org/OAI/2.0/ http://www.openarchives.org/OAI/2.0/OAI-PMH.xsd"><responseDate>2026-04-17T15:55:14Z</responseDate><request verb="GetRecord" identifier="oai:www.recercat.cat:10459.1/30375" metadataPrefix="marc">https://recercat.cat/oai/request</request><GetRecord><record><header><identifier>oai:recercat.cat:10459.1/30375</identifier><datestamp>2024-12-05T21:47:19Z</datestamp><setSpec>com_2072_3622</setSpec><setSpec>col_2072_479130</setSpec></header><metadata><record xmlns="http://www.loc.gov/MARC21/slim" xmlns:dcterms="http://purl.org/dc/terms/" xmlns:xsi="http://www.w3.org/2001/XMLSchema-instance" xmlns:doc="http://www.lyncode.com/xoai" xsi:schemaLocation="http://www.loc.gov/MARC21/slim http://www.loc.gov/standards/marcxml/schema/MARC21slim.xsd">
   <leader>00925njm 22002777a 4500</leader>
   <datafield ind2=" " ind1=" " tag="042">
      <subfield code="a">dc</subfield>
   </datafield>
   <datafield ind2=" " ind1=" " tag="720">
      <subfield code="a">Cabasés i Piqué, Ma. Àngels</subfield>
      <subfield code="e">author</subfield>
   </datafield>
   <datafield ind2=" " ind1=" " tag="720">
      <subfield code="a">Gómez Adillón, Ma. Jesús</subfield>
      <subfield code="e">author</subfield>
   </datafield>
   <datafield ind2=" " ind1=" " tag="260">
      <subfield code="c">2011-03-02T12:23:09Z</subfield>
   </datafield>
   <datafield ind2=" " ind1=" " tag="260">
      <subfield code="c">2011-03-02T12:23:09Z</subfield>
   </datafield>
   <datafield ind2=" " ind1=" " tag="260">
      <subfield code="c">2002</subfield>
   </datafield>
   <datafield ind2=" " ind1=" " tag="520">
      <subfield code="a">El objetivo de este estudio es analizar la contribución económica de las comarcas de la&#xd;
provincia de Lleida al conjunto de Cataluña. Considerando la existencia de disparidades&#xd;
entre las comarcas analizadas, que se manifiestan en las variables demográficas y&#xd;
económicas, se realiza una estratificación comarcal para analizar estas desigualdades.&#xd;
El análisis utiliza datos sobre población, producto interior bruto, renta bruta familiar&#xd;
disponible, empleo de diversos sectores de actividad, tasa de paro y de actividad. Se&#xd;
identifican unos indicadores de síntesis que conservan lo fundamental de las variables&#xd;
originales, como indicadores de riqueza, indicadores de crecimiento o indicadores de&#xd;
desigualdad.&#xd;
Mediante las técnicas del análisis multivariante, como el análisis factorial, se separa la información relevante de los datos considerados y se seleccionan unos componentes únicos y no observables que explican las interrelaciones entre las variables consideradas. La aplicación del análisis factorial a los datos proporciona tres indicadores económicos que conservan el 90% de la información inicial suministrada por las variables originales: Indicador de riqueza, de ocupación terciaria comarcal y nivel de paro comarcal.&#xd;
Los resultados obtenidos indican que la comarca de la Val d'Aran es la comarca que&#xd;
presenta el índice de riqueza más elevado y la comarca de les Garrigues la que menos.&#xd;
Respecto al nivel de empleo del sector terciario, destacan nuevamente la comarca de la Val d'Aran y la del Pallars Sobirà, con altos niveles de empleo terciario y baja ocupación industrial. Finalmente, respecto al indicador de paro comarcal, la comarca del Segrià, a pesar de tener unos indicadores favorables de riqueza y empleo del sector servicios, soporta una tasa de paro mayor que el resto de las comarcas.</subfield>
   </datafield>
   <datafield ind1="8" ind2=" " tag="024">
      <subfield code="a">http://hdl.handle.net/10459.1/30375</subfield>
   </datafield>
   <datafield tag="653" ind2=" " ind1=" ">
      <subfield code="a">Indicadors econòmics -- Lleida (Catalunya : Província)</subfield>
   </datafield>
   <datafield tag="653" ind2=" " ind1=" ">
      <subfield code="a">Lleida (Catalunya : Província) -- Condicions econòmiques</subfield>
   </datafield>
   <datafield tag="653" ind2=" " ind1=" ">
      <subfield code="a">Economia -- Lleida (Catalunya : Província)</subfield>
   </datafield>
   <datafield ind2="0" ind1="0" tag="245">
      <subfield code="a">Obtenció de factors econòmics en l'àmbit de les comarques de la província de Lleida</subfield>
   </datafield>
</record></metadata></record></GetRecord></OAI-PMH>